000
00351pam a2200157a 44500
008
230515b1992 xxu||||| |||| 00| 0 eng d
020
_a
NULL
041
_a
ENGLISH
082
_a
N.D.
100
_a
FENICAL L.H.
245
_a
PSPICE - A TUTORIAL
250
_a
0
260
_a
NULL
_b
PRENTICE HALL OF INDIA
_c
1992
300
_a
344
650
_a
NULL
999
_c
576336
_d
576336